00729nam a2200205Ia 4500003000900000008004100009020001800050040001600068080001700084100002600101245011700127260004800244300001400292650001900306650003100325700002700356942000700383999001500390952011800405IN-BaIIA211028s9999 xx 000 0 eng d a0-521-23385-2 cIIA Library a524.834bBIR aBirrell, N. D.912627 0aQuantum fields in curved spacecN. D. Birrell and P. C. W. Davies  aCambridgebCambridge University Pressc1982 aix, 340p. aNASA thesaurus aQuantum field theory96197 aDavies, P. C. W.98554 cBK c7366d7366 00104070aBANbBANcGENd1983-06-21l3m4o524.834/ BIRp8175r2025-07-24s2025-07-24w1983-06-21yBKG£ 27.50